Missing Letter Pairs Quiz Stats

 Plays Quiz Updated Nov 19, 2014

Also try: Add a Letter Pair
Challenge
Share
Tweet
Embed
Score 0/26 Timer 03:00
0 Plays Today
Clue Word % Correct
b l i _ _ a r dBlizzard
93.4%
o _ t m e _ lOatmeal
89.1%
d _ n _ rDonor
87.9%
p _ e p a _ ePrepare
85.5%
_ l _ c tElect
82.8%
_ n s _ d eInside
81.7%
_ i s t _ u lFistful
79.7%
_ s e f _ lUseful
77.3%
_ i g _ a mWigwam
72.9%
r e _ _ a eReggae
72.2%
_ o c a _Local
72%
e _ u i v o _ u eEquivoque
71.2%
_ r a c _Tract
66.3%
Clue Word % Correct
m i _ u _ eMisuse
63.8%
_ i r _ l eCircle
59%
r e _ i _ eRevive
58.4%
_ u _ i lPupil
54.7%
_ r u i _Druid
54.3%
_ u r r a _Hurrah
54.1%
_ u a _ c eNuance
53.1%
a n _ w a _Anyway
53%
_ o _ e n tMoment
49.8%
_ i o s _Kiosk
49.4%
_ o m _ e rBomber
48.6%
_ e r o _Xerox
46.8%
_ e _ u n eJejune
33.3%

You're not logged in!

Compare scores with friends on all Sporcle quizzes.
Join for Free
OR
Log In

You Might Also Like...

Show Comments

Extras

Top Quizzes Today


Score Distribution

Your Account Isn't Verified!

In order to create a playlist on Sporcle, you need to verify the email address you used during registration. Go to your Sporcle Settings to finish the process.

Report this User

Report this user for behavior that violates our Community Guidelines.

Details: